| 000 | 00336nam a2200109Ia 4500 | ||
|---|---|---|---|
| 008 | 200302s9999 xx 000 0 und d | ||
| 100 | _aLe Corbusier | ||
| 245 | _aThe Modulor A harmonious Measure to the human scale Universally applicable to architecture and mechanics | ||
| 260 | _bBirkhauser Verlag Gmbh | ||
| 260 | _c2016 | ||
| 300 | _a243 | ||
| 999 |
_c7123 _d7123 |
||